000 00534nam a2200181Ia 4500
008 151018s9999 xx 000 0 und d
082 _bRBASDV17111
_a891.462
100 _aउत्तमराव चव्हाण
245 _aवचन
250 _b1
260 _bरविंद्र प्रकाशन
_c1982
300 _a34
600 _aउत्तमराव चव्हाण
630 _aवचन
700 _aउत्तमराव चव्हाण
730 _aवचन
942 _cBOOK
999 _c1017795
_d1017792